=LDR 00000nam 2200000 4500 =001 INLIS000000000029845 =005 20130612132037 =008 ***********************************ind** =035 ##$$0010-061300000029845 =041 ##$$a ind =082 ##$$a 372.6 =090 ##$$a 372.6, MAR b =100 ##$$a Margiyati, Christina =245 ##$$a Bahasa Indonesia untuk SD dan MI Kelas 3 dan 4, Christina Margiyati, Agatha Sriyati, Y. Dwi Purwati =260 ##$$a 2007 $b Jakarta =300 ##$$a vi, 216 hlm., ilus., 23 cm =650 ##$$a Bahasa Indonesia =650 ##$$a Studi dan Pengajaran =700 ##$$a Sriyati, Agatha =850 ##$$a NBPNMAT